| 000 | 00827nam a22002055i 4500 | ||
|---|---|---|---|
| 001 | 165294 | ||
| 003 | ES-MaACL | ||
| 005 | 20250716062536.0 | ||
| 008 | 050906s1876 fr | |||||||| ||fre d | ||
| 040 |
_aCAM _bspa _cCAM |
||
| 100 | 1 |
_aShakespeare, William, _d1564-1616 _9105992 |
|
| 245 | 1 | 0 |
_aMacbeth / _cshakespeare. |
| 260 |
_aParis : _bLibrairie Hachette et C., _c1876 ( _fTypographie Lahure) |
||
| 300 |
_aVIII, 266 p. ; _c19 cm. |
||
| 490 | 1 | _aLes auteurs anglais expliqués d'après une méthode nouvelle par deux traductions françaises ... | |
| 830 | 0 |
_aLes auteurs anglais expliqués d'après une méthode nouvelle par deux traductions françaises ... _9233500 |
|
| 852 |
_aES-MaACL _jD-3181(1) _z-- Rúst., muy deteriorada _z-- Legado de Modesto de la Fuente |
||
| 999 |
_c165294 _d165294 |
||